000 00633nam a2200265Ia 4500
008 160620s9999||||xx |||||||||||||| ||und||
040 _cEnglish
082 _aXIE/Altender
082 _bBORI-54628
100 _aA. S. Altekar
245 _aSources Of Hindu Dharma
300 _aVii+71
300 _cA
300 _ePaperback
530 _bR.P.patwardhan
530 _u00054628.pdf
563 _aStudy
600 _aA. S. Altekar
630 _aSources Of Hindu Dharma
650 _aGeneral Indology
650 _aReligion
700 _aA. S. Altekar
730 _aSources Of Hindu Dharma
942 _cBOOK
999 _c1390643
_d1390640